000 00866nam a2200265 i 4500
001 17278
003 ES-MaACL
005 20250713091409.0
007 t|
008 010124s2000 sp |||| | spa j
020 _a84-7517-647-X
080 _a821.111(73)-14"18"
100 1 _aPoe, Edgar Allan,
_d1809-1849
_9188384
245 1 0 _aPoesía completa
_b: edición bilingüe /
_cEdgar Allan Poe ; versión española de María Condor y Gustavo Falaquera.
250 _a1ª ed.
260 _aMadrid :
_bHiperión,
_c2000.
300 _a403 p. ;
_c20 cm.
490 1 _aPoesía Hiperión ;
_v370
546 _aTexto en inglés y traducción en español.
700 1 _aCóndor Orduña, María.
_940150
700 1 _aFalaquera, Gustavo.
_948683
830 0 _aPoesía Hiperión ;
_v370
_9177326
852 _aES-MaACL
_jL-24116
999 _c17278
_d17278